Score 0/24 Timer 04:00
3 Plays Today
% Correct
terminate
96.6%
abbreviate
96.5%
decapitate
96.3%
manufacture
96.3%
reiterate
93.5%
metamorphose
91.6%
administrate
91.1%
conceptualize
90.3%
acclimatise
85.3%
dematerialize
85.1%
scrutinize
84.9%
masticate
83.1%
% Correct
exacerbate
81.7%
somnambulate
78.4%
amalgamate
77.3%
elucidate
71.9%
bifurcate
68.2%
expectorate
64.3%
extemporise
53.3%
supererogate
48.8%
excoriate
45.7%
promulgate
40.6%
peregrinate
36.9%
importune
35%
Remove Ads.
Support Sporcle.
Get the best of Sporcle when you Go Orange. This ad-free experience offers more features, more stats, and more fun while also helping to support Sporcle. Thank you for becoming a member.

You're not logged in!

Compare scores with friends on all Sporcle quizzes.
OR
Log In

Show Comments

Extras

Top Quizzes Today


Score Distribution

Your Account Isn't Verified!

In order to create a playlist on Sporcle, you need to verify the email address you used during registration. Go to your Sporcle Settings to finish the process.

Report this User

Report this user for behavior that violates our Community Guidelines.

Details: